Scoring the End of the World - Motionless in White - Statistics

General Stats
  • This quiz has been taken 3 times
  • The average score is 177 of 254
Answer Stats
% Correct
a
100%
afraid
100%
are
100%
aren't
100%
back
100%
back,
100%
battleground
100%
Be
100%
Bring
100%
Earth
100%
ending
100%
final
100%
in
100%
is
100%
it's
100%
its
100%
(It's
100%
just
100%
live
100%
Long
100%
new
100%
no
100%
not
100%
notes
100%
of
100%
on
100%
our
100%
page
100%
score
100%
Score
100%
stage
100%
symphony
100%
symphony,
100%
the
100%
The
100%
Then
100%
These
100%
this
100%
This
100%
to
100%
us
100%
We
100%
we
100%
weapons
100%
we're
100%
We're
100%
where
100%
will
100%
world
100%
adrenaline
50%
age
50%
airwaves
50%
All
50%
Amplify
50%
And
50%
as
50%
attack,
50%
behind
50%
cacophony
50%
change
50%
choir,
50%
command
50%
composed
50%
coursing
50%
dawning
50%
detonate
50%
die,
50%
dissonance
50%
So
50%
enclave's
50%
fanfare
50%
Fight
50%
guns
50%
Half-dead
50%
hypocrisy's
50%
infamy
50%
infantry
50%
instead
50%
key
50%
knees
50%
Landmines
50%
leave
50%
like
50%
lines
50%
now
50%
or
50%
peace
50%
rebirth
50%
release
50%
remains
50%
reprise
50%
requiem
50%
(Requiem)
50%
reverberate
50%
Screaming
50%
Silent
50%
speakers
50%
still
50%
stop
50%
Stop
50%
suns
50%
take
50%
tearing
50%
tension,
50%
their
50%
them
50%
them)
50%
they
50%
thousand
50%
through
50%
Trapped
50%
veins
50%
wartorn
50%
we'll
50%
with
50%
another
0%
but
0%
Don't
0%
echo,
0%
fall
0%
fallout
0%
fire
0%
hard
0%
Hit
0%
hype
0%
living
0%
militant
0%
orchestrate
0%
scene,
0%
strike
0%
Survive
0%
survived
0%
up
0%
yet
0%
No matching quizzes found
Score Distribution
Percent of People with Each Score
Percentile by Number Answered
Your Score History
You have not taken this quiz